Stati per percentuale di Milionari - Statistics

Statistiche generali
  • Questo quiz è stato fatto 12 volte
  • Il punteggio medio è 10 su 15
Statistiche sulle risposte
Percentuale di milionari (%) Continente Nazione % Corretto
5,6 Europa Francia
89%
9,7 America del Nord Stati Uniti
89%
11,2 Oceania Australia
78%
7,6 America del Nord Canada
78%
5,9 Europa Spagna
78%
9,6 Oceania Nuova Zelanda
67%
8,5 Europa Paesi Bassi
67%
5,4 Europa Regno Unito
67%
15,5 Europa Svizzera
67%
6,5 Europa Belgio
56%
8,5 Europa Danimarca
56%
5,6 Europa Norvegia
56%
12,7 Asia Singapore
44%
7,3 Europa Svezia
44%
4,8 Europa Irlanda
33%
Nessun quiz corrispondente trovato
Distribuzione punteggi
Percentuale di utenti per punteggio
Percentile per numero di risposta
I tuoi punteggi nel tempo
Non hai fatto questo quiz